Washington cover-up /

Bibliographic Details
Main Author: Mollenhoff, Clark R. (Clark Raymond), 1921-1991
Format: Book
Language:English
Published: Garden City, N.Y. / : Doubleday, 1962.
Edition:1st ed.
Subjects:

MARC

Tag First Indicator Second Indicator Subfields
LEADER 00000cam a2200000 a 4500
001 in00000077738
005 20160106094750.0
008 720201s1962 nyu 00010 engm
010 |a  62013288  
035 |a (OCoLC)00231521 
035 |9 AAH8800AM 
040 |a DLC  |c WSU  |d OCL  |d m.c.  |d TXA  |d UtOrBLW 
043 |a n-us--- 
049 |a TXAM  |c [1195930] 
050 0 0 |a JK468.S4  |b M6 
082 0 |a 353.032 
100 1 |a Mollenhoff, Clark R.  |q (Clark Raymond),  |d 1921-1991. 
245 1 0 |a Washington cover-up /  |c Clark R. Mollenhoff. 
250 |a 1st ed. 
264 1 |a Garden City, N.Y. / :  |b Doubleday,  |c 1962. 
300 |a 239 pages ;  |c 22 cm. 
336 |a text  |b txt  |2 rdacontent 
337 |a unmediated  |b n  |2 rdamedia 
338 |a volume  |b nc  |2 rdacarrier 
650 0 |a Government information  |z United States. 
650 0 |a Executive privilege (Government information)  |z United States. 
999 |a MARS 
999 f f |s 17a55b5b-c783-3edf-9444-73aed5fb4a16  |i 291772d6-4b61-347c-adbb-2836af25dccd  |t 0 
952 f f |p ric  |a Texas A&M University  |b Rellis Campus  |c Joint Library Facility  |d Remote Storage  |t 0  |e JK468.S4 M6  |h Library of Congress classification  |i unmediated -- volume  |m A14806150541 
998 f f |a JK468.S4 M6  |t 0  |l Remote Storage